Geography Click Chain #7 - Statistics

General Stats
  • This quiz has been taken 64 times
  • The average score is 5 of 5
Answer Stats
Hint Answer % Correct
Who became a U.S. state in the year… 1959
100%
The most populous U.S. State is… California
100%
Whose highest point is… Mount Whitney
100%
Which doesn’t include the U.S. state island chain… Hawaii
98%
Which is the highest summit in the… Contiguous United States
96%
No matching quizzes found
Score Distribution
Percent of People with Each Score
Percentile by Number Answered
Your Score History
You have not taken this quiz